East Sussex Train Stations - Statistics

General Stats
  • This quiz has been taken 199 times
  • The average score is 28 of 46
Answer Stats
Main Operator Station % Correct
Southern Brighton
97%
Southern Eastbourne
97%
Southeastern Hastings
92%
Southern Lewes
88%
Southern Hove
84%
Southern Seaford
80%
Southern Bexhill
78%
Southern Falmer
77%
Southern Hampden Park
75%
Southern Rye
75%
Southern Polegate
74%
Southern Ore
72%
Southeastern Battle
71%
Southern London Road (Brighton)
71%
Southern St Leonards Warrior Square
71%
Southern Glynde
70%
Southern Uckfield
69%
Thameslink Preston Park
68%
Southern Cooden Beach
65%
Southern Pevensey Bay
63%
Southern Berwick
62%
Southern Pevensey & Westham
62%
Southern Crowborough
60%
Southern Newhaven Town
59%
Southern Normans Bay
59%
Southern Portslade
59%
Southern Newhaven Harbour
58%
Southern West St Leonards
58%
Southern Collington
55%
Southern Plumpton
55%
Southern Cooksbridge
54%
Southeastern Robertsbridge
52%
Southern Moulsecoomb
51%
Southern Winchelsea
48%
Southern Southease
46%
Southeastern Wadhurst
46%
Southern Aldrington
45%
Southern Bishopstone
44%
Southeastern Crowhurst
44%
Southeastern Frant
42%
Southeastern Stonegate
40%
Southern Buxted
39%
Southern Three Oaks
39%
Southern Doleham
38%
Southeastern Etchingham
38%
Southern Eridge
37%
No matching quizzes found
Score Distribution
Percent of People with Each Score
Percentile by Number Answered
Your Score History
You have not taken this quiz